| 000 | 00651nam a2200229Ia 4500 | ||
|---|---|---|---|
| 005 | 20260429112309.0 | ||
| 008 | 260429s9999||||xx |||||||||||||| ||und|| | ||
| 020 | _a9789388865692 | ||
| 041 | _aEnglish | ||
| 082 |
_a333.7 _bPAT |
||
| 100 | _aPati, Rabindra Nathabindra | ||
| 245 | 0 |
_aNatural resource management / _cRabindra Nathabindra Pati |
|
| 260 |
_aNew Delhi : _bAbhijeet Publications, _c2024. |
||
| 300 | _a286 p.; hb | ||
| 650 | _a Conservation | ||
| 650 | _a Environmental management | ||
| 650 | _a Resource management | ||
| 650 | _a Sustainability | ||
| 650 | _aNatural resources | ||
| 700 | _a Mitra, Mitashree | ||
| 942 | _cTB | ||
| 999 |
_c53366 _d53366 |
||